| 000 | 00647nam a2200205Ia 4500 | ||
|---|---|---|---|
| 003 | GCL | ||
| 008 | 140319s9999 xx 000 0 ara d | ||
| 040 |
_aGCL / _cGCL |
||
| 082 | 0 | 4 |
_a658.2 _bم ا |
| 100 | 1 | _aمحمد على شهيب | |
| 245 | 1 | 0 |
_aادارة العمليات والانتاج فى المنشات الصناعية والخدمية / _cمحمد على شهيب |
| 260 |
_a[S.N] : _bدائرة الاعلام ، _c1988 |
||
| 300 | _a456 ص | ||
| 490 | _a | ||
| 650 | 0 | 4 | _aتنظيم وادارة |
| 650 | 0 | 4 | _aتخطيط انتاج |
| 650 | 0 | 4 | _aالتخطيط الصناعى |
| 650 | 0 | 4 | _aالمصانع |
| 942 |
_2ddc _cBK |
||
| 999 |
_c55072 _d55072 |
||